[Event "Mitropa Cup 2008"]
[Site "Olbia ITA"]
[Date "2008.05.31"]
[Round "6.2"]
[White "Simacek, Pavel"]
[Black "Godena, Michele"]
[Result "1/2-1/2"]
[WhiteElo "2461"]
[BlackElo "2528"]
[PlyCount "112"]
[EventDate "2008.05.25"]
[Source "www.chesslib.no"]
[SourceDate "2004.05.04"]

1. e4 e5 2. f4 exf4 3. Bc4 Nf6 4. Nc3 Nc6 5. Nf3 Bb4 6. e5 Ng4 7. O-O O-O 8. d4 d6 9. exd6 Bxd6 10. Ne4 Bf5 11. Nfg5 Be7 12. Bxf4 Qxd4+ 13. Qxd4 Nxd4 14. h3 Nf6 15. c3 Nxe4 16. Nxe4 Nc2 17. Ng3 Be6 18. Bxe6 fxe6 19. Rad1 Bc5+ 20. Kh1 Ne3 21. Bxe3 Bxe3 22. Rxf8+ Rxf8 23. Ne4 h6 24. g3 Rf5 25. Rd8+ Rf8 26. Rxf8+ Kxf8 27. Kg2 h5 28. Kf3 Bc1 29. b3 Ke7 30. c4 Ba3 31. Ke3 Bc1+ 32. Kd4 b6 33. b4 Bb2+ 34. Kd3 a6 35. a4 Kd7 36. b5 axb5 37. axb5 Be5 38. g4 hxg4 39. hxg4 c6 40. bxc6+ Kxc6 41. Ng5 Kd7 42. Ne4 Kc6 43. Ng5 Kd7 44. Ne4 Bb2 45. Kc2 Bf6 46. Kd3 Kc6 47. Ke3 b5 48. cxb5+ Kxb5 49. Nf2 Kc4 50. Ke4 Kc5 51. Nh3 Kd6 52. Ng1 Bb2 53. Nf3 Ke7 54. Kf4 Kf6 55. Ke4 Bc1 56. Kd3 Bb2 1/2-1/2

[Event "Moscow-ch"]
[Site "Moscow"]
[Date "1982.??.??"]
[Round "6"]
[White "Bronstein, David I"]
[Black "Averbakh, Yuri L"]
[Result "1/2-1/2"]
[WhiteElo "2495"]
[BlackElo "2490"]
[PlyCount "82"]
[EventDate "1982.02.??"]
[Source "ChessBase"]

1. e4 e5 2. f4 exf4 3. Bc4 c6 4. Nf3 Nf6 5. d4 d5 6. exd5 cxd5 7. Bb5+ Nc6 8. Bxf4 Bb4+ 9. Nc3 Ne4 10. O-O Bxc3 11. bxc3 O-O 12. c4 Ne7 13. Qe1 a6 14. cxd5 axb5 15. Qxe4 Bf5 16. Qe2 Nxd5 17. Qxb5 Ra5 18. Bg5 Rxb5 19. Bxd8 Bxc2 20. Bg5 f6 21. Bh4 Ra8 22. Rf2 Bd3 23. h3 Rba5 24. Rb2 b5 25. Nd2 Nc3 26. Nb3 Rxa2 27. Raxa2 Rxa2 28. Rxa2 Nxa2 29. d5 Kf7 30. Nc5 Bf5 31. g4 Bc8 32. d6 Ke8 33. Be1 b4 34. Kf2 Nc3 35. Ke3 h5 36. gxh5 Bxh3 37. Bxc3 bxc3 38. Kd3 Bg4 39. h6 gxh6 40. Kxc3 h5 41. Kd4 h4 1/2-1/2

[Event "Jyvaskyla Open"]
[Site "Jyvaskyla FIN"]
[Date "1991.??.??"]
[Round "6"]
[White "Westerinen, Heikki M J"]
[Black "Krasenkow, Michal"]
[Result "1/2-1/2"]
[WhiteElo "2410"]
[BlackElo "2570"]
[PlyCount "54"]
[EventDate "1991.??.??"]
[Source "www.chesslib.no"]
[SourceDate "2004.05.04"]

1. e4 e5 2. f4 exf4 3. Bc4 Nf6 4. Nc3 c6 5. d4 Bb4 6. e5 Ne4 7. Qh5 d5 8. exd6 O-O 9. Nge2 g6 10. Qh6 Nxd6 11. Bb3 Bxc3+ 12. bxc3 Re8 13. Bxf4 Qe7 14. Be5 Nf5 15. Qf4 Nd7 16. O-O-O Nxe5 17. dxe5 Be6 18. Nd4 Bxb3 19. Nxf5 Qa3+ 20. Kd2 Rad8+ 21. Ke2 Qxa2 22. Ne7+ Kf8 23. Qh6+ Kxe7 24. Qg5+ Kf8 25. Rxd8 Qxc2+ 26. Ke3 Qxc3+ 27. Kf2 Qc5+ 1/2-1/2

[Event "Ajelat, Libya"]
[Site "?"]
[Date "2003.03.28"]
[Round "?"]
[White "Short Nigel D"]
[Black "Amin Bassem"]
[Result "0-1"]
[WhiteElo "2690"]
[BlackElo "2281"]
[PlyCount "42"]
[EventDate "2003.??.??"]
[Source "www.chesslib.no"]
[SourceDate "2004.05.04"]

1. e4 e5 2. f4 exf4 3. Bc4 Qh4+ 4. Kf1 d6 5. Nf3 Qh5 6. d4 g5 7. Nc3 Ne7 8. h4 h6 9. e5 Bg7 10. exd6 cxd6 11. Nb5 Nf5 12. Kg1 g4 13. Nh2 a6 14. Nxg4 Kd8 15. Nc3 Ng3 16. Nf2 Qxd1+ 17. Ncxd1 Re8 18. Bxf4 Re1+ 19. Kh2 Nxh1 20. Nxh1 Bxd4 21. Bxd6 Bg4 0-1

[Event "Europa ch 2008"]
[Site "Plovdiv BUL"]
[Date "2008.04.26"]
[Round "6.93"]
[White "Mista, Aleksander"]
[Black "Pedersen, Nicolai Vesterbaek"]
[Result "1-0"]
[WhiteElo "2537"]
[BlackElo "2425"]
[PlyCount "55"]
[EventDate "2008.04.21"]
[Source "www.chesslib.no"]
[SourceDate "2004.05.04"]

1. e4 e5 2. f4 exf4 3. Bc4 Nf6 4. Nc3 c6 5. Bb3 d5 6. exd5 Nxd5 7. Nxd5 cxd5 8. d4 Bd6 9. Qh5 Be6 10. Ne2 g6 11. Qh6 f3 12. gxf3 Bf8 13. Qg5 Be7 14. Qg2 Bh4+ 15. Ng3 Nc6 16. c3 O-O 17. Bh6 Re8 18. O-O Qd7 19. Rfe1 Bh3 20. Qd2 Bf6 21. Qf4 Bh8 22. Nh5 Re6 23. Qg3 Rae8 24. Rxe6 Bxe6 25. Re1 Na5 26. Qh4 Bf5 27. Nf6+ Bxf6 28. Qxf6 1-0

[Event "HUN-chT9899"]
[Site "HUN"]
[Date "1999.??.??"]
[Round "?"]
[White "Dekic, Josip"]
[Black "Beliavsky, Alexander G"]
[Result "0-1"]
[WhiteElo "2315"]
[BlackElo "2645"]
[PlyCount "52"]
[EventDate "1998.??.??"]
[Source "www.chesslib.no"]
[SourceDate "2004.05.04"]

1. e4 e5 2. f4 exf4 3. Bc4 Nf6 4. Nc3 c6 5. Bb3 Qe7 6. Qe2 d6 7. d4 g5 8. e5 dxe5 9. dxe5 Ng4 10. h4 Nxe5 11. hxg5 Bg4 12. Nf3 Bxf3 13. gxf3 Nxf3+ 14. Kf2 Qxe2+ 15. Nxe2 Nxg5 16. Bxf4 Bc5+ 17. Kf1 Ne6 18. Be5 Rg8 19. Rxh7 Nd7 20. Bc3 Ng5 21. Rh4 O-O-O 22. Rd1 Rde8 23. Rf4 Re4 24. Rf5 Rh4 25. Rxd7 Kxd7 26. Rxc5 Ne4 0-1

[Event "Tch-BIH"]
[Site "Neum"]
[Date "2004.06.04"]
[Round "7"]
[White "Feletar, Darko"]
[Black "Palac, Mladen"]
[Result "0-1"]
[WhiteElo "2395"]
[BlackElo "2565"]
[PlyCount "74"]
[EventDate "2004.05.29"]
[Source "Roberto Alvarez"]
[SourceDate "2004.06.07"]

1. e4 e5 2. f4 exf4 3. Bc4 Nf6 4. Nc3 c6 5. Nf3 d5 6. exd5 cxd5 7. Bb5+ Bd7 8. Qe2+ Be7 9. Bxd7+ Nbxd7 10. d4 O-O 11. Bxf4 Bb4 12. O-O Bxc3 13. bxc3 Rc8 14. Rab1 Nb6 15. Bg5 Qd6 16. Bxf6 Qxf6 17. Rb3 Qd6 18. Qd3 Rc7 19. Ng5 g6 20. Rf3 h6 21. Nh3 Re8 22. Rb1 Nc4 23. Rbf1 Kg7 24. g4 Re4 25. g5 Rg4+ 26. Rg3 Rxg3+ 27. hxg3 hxg5 28. Nxg5 Re7 29. Rf3 Qd7 30. Kg2 f6 31. Nh3 g5 32. Nf2 Re1 33. g4 Qe6 34. Rh3 Ne3+ 35. Kf3 f5 36. gxf5 Nxf5 37. Ng4 Re4 0-1

[Event "URS-ch U26"]
[Site "Kherson"]
[Date "1991.??.??"]
[Round "?"]
[White "Timoshenko, Georgy"]
[Black "Kruppa, Yuri"]
[Result "1/2-1/2"]
[WhiteElo "2475"]
[BlackElo "2480"]
[PlyCount "32"]
[EventDate "1991.??.??"]
[Source "ChessBase"]

1. e4 e5 2. f4 exf4 3. Bc4 Nf6 4. d3 d5 5. exd5 Nxd5 6. Nf3 Be7 7. Bxd5 Qxd5 8. Bxf4 Na6 9. O-O O-O 10. Nc3 Qh5 11. Qd2 Bg4 12. Rae1 Rae8 13. Ne4 Bxf3 14. Rxf3 Nc5 15. Kh1 Nxe4 16. Rxe4 Bd6 1/2-1/2

[Event "ch-DEN"]
[Site "Silkeborg DEN"]
[Date "2008.03.23"]
[Round "9"]
[White "Hansen, SuB"]
[Black "Lund, E."]
[Result "1/2-1/2"]
[WhiteElo "2549"]
[BlackElo "2403"]
[PlyCount "65"]
[EventDate "2008.03.15"]
[Source "www.chesslib.no"]
[SourceDate "2004.05.04"]

1. e4 e5 2. f4 exf4 3. Bc4 Nf6 4. Nc3 d5 5. Bxd5 Nxd5 6. Nxd5 Bd6 7. d4 Qh4+ 8. Kf1 c6 9. Nf3 Qh6 10. Nc3 Bg4 11. e5 Bc7 12. Ne4 Nd7 13. Nf2 Bf5 14. Nd3 f6 15. Nxf4 fxe5 16. Nd5 Qd6 17. Nxc7+ Qxc7 18. h3 O-O 19. Kg1 Rae8 20. Be3 Be4 21. Nxe5 Nxe5 22. dxe5 Qxe5 23. Bd4 Qc7 24. Qd2 c5 25. Bf2 Qc6 26. Bg3 Re6 27. Kh2 Rg6 28. Rhf1 Rgf6 29. Rxf6 Qxf6 30. Re1 Bc6 31. c3 Rd8 32. Qe2 Qf7 33. Qg4 1/2-1/2

[Event "Espoo zt"]
[Site "Espoo"]
[Date "1989.??.??"]
[Round "?"]
[White "Westerinen, Heikki MJ"]
[Black "Wedberg, Tom"]
[Result "0-1"]
[WhiteElo "2435"]
[BlackElo "2515"]
[PlyCount "123"]
[EventDate "1989.07.??"]
[Source "ChessBase"]

1. e4 e5 2. f4 exf4 3. Bc4 Nf6 4. Nc3 c6 5. d4 Bb4 6. e5 Ne4 7. Qh5 d5 8. exd6 O-O 9. Nge2 Nd7 10. Bxf4 Ndf6 11. Qh4 Nxd6 12. Bxd6 Bxd6 13. O-O Be7 14. Qf4 Bg4 15. h3 Bh5 16. Qf2 b5 17. Bd3 b4 18. Na4 Nd5 19. c4 bxc3 20. Naxc3 Bh4 21. g3 Bg5 22. Nxd5 Qxd5 23. Nc3 Qd8 24. Ne4 Be7 25. Rac1 Rc8 26. Bc4 Bg6 27. Nc5 Qd6 28. Rcd1 Rce8 29. Qf4 Qxf4 30. Rxf4 Rd8 31. Nb3 Bd6 32. Rf3 c5 33. g4 cxd4 34. Bd3 Bc7 35. Bxg6 hxg6 36. Kf1 Bb6 37. a4 a5 38. Ke2 Rfe8+ 39. Kd3 Re3+ 40. Rxe3 dxe3+ 41. Ke2 Rxd1 42. Kxd1 f5 43. Ke2 f4 44. Nc1 Bc7 45. Nb3 Kf7 46. Nd4 Bb6 47. Nf3 Ke6 48. Nh4 g5 49. Nf3 Bd8 50. Kd3 Kd5 51. b3 Kc5 52. Nd4 Bf6 53. Nc2 Bb2 54. Ke4 Bc3 55. Kd3 Bd2 56. Ke2 Kd5 57. Kf3 Ke5 58. Na3 Kd4 59. Nc4 Kd3 60. Ne5+ Kc2 61. Ke2 Kxb3 62. Nf3 0-1

[Event "Helsinki op"]
[Site "Helsinki"]
[Date "1992.??.??"]
[Round "5"]
[White "Westerinen, Heikki MJ"]
[Black "Romanishin, Oleg M"]
[Result "0-1"]
[WhiteElo "2390"]
[BlackElo "2555"]
[PlyCount "80"]
[EventDate "1992.09.??"]
[Source "ChessBase"]

1. e4 e5 2. f4 exf4 3. Bc4 d5 4. exd5 Nf6 5. Nc3 Bd6 6. Qe2+ Be7 7. d4 O-O 8. Nf3 c6 9. Bxf4 cxd5 10. Bb3 Nc6 11. O-O Bg4 12. Qd3 Rc8 13. Kh1 Na5 14. Rae1 Nxb3 15. axb3 Re8 16. Ne5 Be6 17. Qb5 Qb6 18. Qxb6 axb6 19. Re2 Bb4 20. Na2 Bf8 21. Nc3 Bb4 22. Na2 Bf8 23. Nc3 Ne4 24. Nd1 f6 25. Nf3 Bd7 26. Rfe1 g5 27. Bc1 g4 28. Ng1 f5 29. Ne3 Bb5 30. c4 dxc4 31. Nxg4 cxb3 32. Rxe4 Rxe4 33. Nf6+ Kf7 34. Nxe4 fxe4 35. Nh3 Bb4 36. Rg1 Bd3 37. Nf4 Rc2 38. Nd5 Bd2 39. Bxd2 Rxd2 40. Ra1 Rxb2 0-1

[Event "Wch U20"]
[Site "Buenos Aires ARG"]
[Date "1992.??.??"]
[Round "?"]
[White "Bezold, Michael"]
[Black "Stefansson, Hannes H"]
[Result "1/2-1/2"]
[WhiteElo "2490"]
[BlackElo "2455"]
[PlyCount "40"]
[EventDate "1992.10.??"]
[Source "www.chesslib.no"]
[SourceDate "2004.05.04"]

1. e4 e5 2. f4 exf4 3. Bc4 Nf6 4. Nc3 c6 5. d4 Bb4 6. e5 Ne4 7. Qf3 d5 8. exd6 Nxd6 9. Bd3 Qh4+ 10. Kf1 Bf5 11. Bxf5 Nxf5 12. Qe4+ Ne7 13. Nf3 Qh5 14. Bxf4 O-O 15. Kf2 Nd7 16. Rhe1 Nd5 17. Bd2 N5f6 18. Qd3 c5 19. Ne4 Bxd2 20. Nexd2 cxd4 1/2-1/2

[Event "Lazne Bohdanec"]
[Site "Lazne Bohdanec"]
[Date "1996.??.??"]
[Round "7"]
[White "Stocek, Jiri"]
[Black "Keitlinghaus, Ludger"]
[Result "1/2-1/2"]
[WhiteElo "2465"]
[BlackElo "2475"]
[PlyCount "54"]
[EventDate "1996.01.??"]
[Source "ChessBase"]

1. e4 e5 2. f4 exf4 3. Bc4 Nf6 4. Nc3 c6 5. d4 Nxe4 6. Nxe4 d5 7. Qe2 Be7 8. Bd3 dxe4 9. Qxe4 Nd7 10. Nf3 Nf6 11. Qxf4 Nd5 12. Qg3 Nb4 13. Qxg7 Bf6 14. Qh6 Nxd3+ 15. cxd3 Qe7+ 16. Kf2 Be6 17. Bg5 Bxg5 18. Qxg5 Qxg5 19. Nxg5 O-O-O 20. Ke3 Bd5 21. Rhf1 Rhg8 22. Nxf7 Rde8+ 23. Ne5 Rxg2 24. Rf2 Reg8 25. Raf1 Bxa2 26. Nc4 Rxf2 27. Rxf2 Re8+ 1/2-1/2

[Event "Bundesliga 9293"]
[Site "Germany"]
[Date "1993.??.??"]
[Round "?"]
[White "Maus, Soenke"]
[Black "Smagin, Sergey"]
[Result "1-0"]
[WhiteElo "2420"]
[BlackElo "2520"]
[PlyCount "69"]
[EventDate "1992.10.??"]
[Source "ChessBase"]
[SourceDate "1999.07.01"]

1. e4 e5 2. f4 exf4 3. Bc4 d5 4. exd5 Nf6 5. Nc3 Nbd7 6. Nf3 Be7 7. d3 Nb6 8. Bxf4 O-O 9. O-O Nfxd5 10. Nxd5 Nxd5 11. Bd2 Bf6 12. Qe1 c6 13. Qg3 Bxb2 14. Rae1 f6 15. d4 b5 16. Bd3 f5 17. c4 Nf6 18. cxb5 cxb5 19. Bb4 Bxd4+ 20. Kh1 Nh5 21. Qg5 Qxg5 22. Nxg5 Rd8 23. Bxb5 Bb7 24. Ne6 Be4 25. Nxd8 Rxd8 26. Be7 Rb8 27. Bc4+ Kh8 28. Bd6 Rd8 29. Be7 Re8 30. Bf7 Rxe7 31. Bxh5 g6 32. Bf3 Rc7 33. Bxe4 fxe4 34. Rxe4 Bb6 35. Rfe1 1-0

[Event "Hoogovens-B"]
[Site "Wijk aan Zee NED"]
[Date "1987.01.??"]
[Round "10"]
[White "Winants, Luc"]
[Black "Rogers, Ian"]
[Result "1/2-1/2"]
[WhiteElo "2415"]
[BlackElo "2525"]
[PlyCount "117"]
[EventDate "1987.01.??"]
[Source "www.chesslib.no"]
[SourceDate "2004.05.04"]

1. e4 e5 2. f4 exf4 3. Bc4 Be7 4. Nc3 Bh4+ 5. Kf1 d5 6. exd5 Be7 7. d4 Nf6 8. Bxf4 O-O 9. Qf3 c6 10. Nge2 Bg4 11. Qf2 cxd5 12. Bd3 Nc6 13. Re1 Re8 14. Ng3 Qd7 15. h3 Be6 16. Kg1 Bb4 17. Kh2 a6 18. Rhf1 b5 19. a3 Be7 20. Nd1 Na5 21. c3 Nc4 22. Ne3 Nd6 23. Be5 Nde4 24. Bxe4 dxe4 25. Bxf6 Bxf6 26. Nxe4 Bd8 27. Kg1 Bc7 28. Qf3 Qe7 29. d5 Bd7 30. d6 Qxe4 31. Qxe4 Rxe4 32. dxc7 Rc8 33. Rd1 Rxc7 34. Nd5 Rb7 35. Nb4 a5 36. Nd3 Rc7 37. Nc5 Re7 38. b4 axb4 39. axb4 g6 40. Rf6 Be6 41. Nxe6 Rxe6 42. Rf3 Re5 43. Rfd3 h5 44. Kf2 h4 45. Rd5 Rxd5 46. Rxd5 Rxc3 47. Rxb5 Rb3 48. Ke2 Kg7 49. Kf2 Kf6 50. Ke2 g5 51. Kf2 Kg6 52. Ke2 f5 53. Rb6+ Kg7 54. Rb5 Kf6 55. Kf2 g4 56. hxg4 fxg4 57. Rh5 g3+ 58. Ke2 Rxb4 59. Kf3 1/2-1/2

[Event "It (Open) Deizisau GER"]
[Site "?"]
[Date "2006.04.16"]
[Round "6"]
[White "Zeller Frank"]
[Black "Slobodjan Roman"]
[Result "0-1"]
[WhiteElo "2412"]
[BlackElo "2523"]
[PlyCount "140"]
[EventDate "2006.??.??"]
[Source "www.chesslib.no"]
[SourceDate "2004.05.04"]

1. e4 e5 2. f4 exf4 3. Bc4 d5 4. Bxd5 Nf6 5. Nc3 Nxd5 6. Nxd5 Bd6 7. d4 c5 8. c3 cxd4 9. cxd4 Qh4+ 10. Kf1 Be6 11. Nf3 Qh6 12. Nc3 O-O 13. Ne2 f6 14. g3 Bc4 15. Kg2 g5 16. gxf4 gxf4 17. Rg1 Kh8 18. Kh1 Nc6 19. b3 Bf7 20. Bb2 Rae8 21. d5 Ne5 22. Ned4 Qh3 23. Qf1 Qxf1 24. Raxf1 Nxf3 25. Nxf3 Bg6 26. e5 fxe5 27. Re1 Rf5 28. Nh4 Rf6 29. Nf3 Rf5 30. Nh4 Rf6 31. Nf3 Kg8 32. Nxe5 Bxe5 33. Bxe5 Rf5 34. Bc7 Rxe1 35. Rxe1 f3 36. d6 Rd5 37. Kg1 Rd2 38. Rf1 Rg2+ 39. Kh1 Be4 40. d7 Rd2 41. Kg1 Rxd7 42. Bg3 Kf7 43. Kf2 Bc6 44. Bf4 a6 45. Rg1 Rd4 46. Be3 Rh4 47. Kg3 Rh5 48. Rd1 Ra5 49. Rd2 Re5 50. Kf2 Ke6 51. Rd4 Ra5 52. a4 Rh5 53. Kg3 Re5 54. Kf2 Bd5 55. b4 Kd7 56. Rh4 Re7 57. Rh6 Rg7 58. Ke1 Be4 59. Rh4 Bc6 60. a5 Ke6 61. Bd4 Rd7 62. Kf2 Kf5 63. Be3 Rg7 64. Rf4+ Ke6 65. Rxf3 Bxf3 66. Kxf3 Kf5 67. Bc5 Rg4 68. Be7 Rc4 69. Bd6 Rc3+ 70. Kg2 Ke4 0-1

[Event "Nordic-tt"]
[Site "Aabybro"]
[Date "1989.??.??"]
[Round "?"]
[White "Arnason, Jon L"]
[Black "Woda, Jacek"]
[Result "0-1"]
[WhiteElo "2550"]
[BlackElo "2385"]
[PlyCount "58"]
[EventDate "1989.10.??"]
[Source "www.chesslib.no"]
[SourceDate "2004.05.04"]

1. e4 e5 2. f4 exf4 3. Bc4 d6 4. Nc3 Nc6 5. d4 Qh4+ 6. Kf1 Bg4 7. Qd3 g5 8. Nb5 Rc8 9. Qb3 Nh6 10. d5 Ne5 11. Nxa7 Rd8 12. Bb5+ Bd7 13. Nf3 Nxf3 14. Qxf3 Ng4 15. h3 Ne5 16. Bxd7+ Rxd7 17. Qf2 Qh5 18. Bd2 Bg7 19. Nb5 Nc4 20. Nd4 Bxd4 21. Qxd4 Nxd2+ 22. Qxd2 O-O 23. h4 Re8 24. Re1 Rde7 25. Qd4 g4 26. c4 Qf5 27. h5 Rxe4 28. Rxe4 Rxe4 29. Qa7 Re8 0-1

[Event "Deutschland"]
[Site "?"]
[Date "2002.04.13"]
[Round "12.6"]
[White "Polzin Rainer"]
[Black "Gross David2"]
[Result "0-1"]
[WhiteElo "2469"]
[BlackElo "2463"]
[PlyCount "80"]
[EventDate "2002.??.??"]
[Source "www.chesslib.no"]
[SourceDate "2004.05.04"]

1. e4 e5 2. f4 exf4 3. Bc4 Ne7 4. Nf3 d5 5. Bxd5 Nxd5 6. exd5 Qxd5 7. Nc3 Qd8 8. d4 Bb4 9. Bxf4 O-O 10. O-O Bxc3 11. bxc3 Bg4 12. Qe1 Bxf3 13. Rxf3 c6 14. Qg3 f6 15. Re3 Nd7 16. Bc7 Qc8 17. Rae1 Rf7 18. Bd6 Nf8 19. c4 Qf5 20. R1e2 Rd8 21. c5 b6 22. h3 h6 23. Re7 Rxe7 24. Rxe7 Ng6 25. Rxa7 bxc5 26. dxc5 Kh7 27. Qf3 Qg5 28. Kh2 Re8 29. Ra4 Re3 30. Qg4 Qd5 31. Rd4 Qxa2 32. Rd3 Re1 33. Rg3 Qxc2 34. Rf3 Qb1 35. Qf5 Rh1+ 36. Kg3 Qe1+ 37. Kg4 Qg1 38. Rg3 Qd1+ 39. Qf3 Qd4+ 40. Bf4 Ne5+ 0-1

[Event "Bundesliga 8586"]
[Site "Germany"]
[Date "1986.??.??"]
[Round "?"]
[White "Hartmann, Wolfram"]
[Black "Spassky, Boris V"]
[Result "0-1"]
[WhiteElo "2315"]
[BlackElo "2610"]
[PlyCount "84"]
[EventDate "1985.10.??"]
[Source "ChessBase"]
[SourceDate "1999.07.01"]

1. e4 e5 2. f4 exf4 3. Bc4 Nf6 4. Nc3 c6 5. d4 Bb4 6. Qf3 d5 7. exd5 O-O 8. Nge2 cxd5 9. Bd3 Bg4 10. Qxf4 Bxe2 11. Kxe2 Re8+ 12. Be3 Nc6 13. Raf1 Qd7 14. Nd1 Bd6 15. Qh4 Ne4 16. c3 f5 17. Nf2 Na5 18. Qh3 g6 19. Bxe4 dxe4 20. b3 Qb5+ 21. Ke1 f4 22. Ng4 Rf8 23. Bc1 Rae8 24. c4 Qb4+ 25. Bd2 Qa3 26. Qc3 e3 27. Bc1 Qb4 28. Qxb4 Bxb4+ 29. Ke2 Nc6 30. Bb2 h5 31. Ne5 Nxe5 32. dxe5 g5 33. Rd1 Bd2 34. Bc1 Bxc1 35. Rxc1 Rxe5 36. Rcd1 g4 37. Rhf1 Kg7 38. Rd4 f3+ 39. gxf3 gxf3+ 40. Kd3 e2 41. Rg1+ Kh8 42. Rd6 Re7 0-1

[Event "Nordic zt"]
[Site "NOR"]
[Date "1992.??.??"]
[Round "2"]
[White "Westerinen, Heikki MJ"]
[Black "Hector, Jonny"]
[Result "1/2-1/2"]
[WhiteElo "2390"]
[BlackElo "2535"]
[PlyCount "92"]
[EventDate "1992.??.??"]
[Source "ChessBase"]

1. e4 e5 2. f4 exf4 3. Bc4 Nf6 4. Nc3 c6 5. d4 Bb4 6. e5 Ne4 7. Qh5 g6 8. Qf3 Qh4+ 9. Kf1 d5 10. exd6 Nxc3 11. bxc3 Bxd6 12. g3 Qg4 13. Bxf4 Bxf4 14. Re1+ Kd8 15. gxf4 Re8 16. Bxf7 Rf8 17. Qxg4 Bxg4 18. Be6 Rxf4+ 19. Kg2 Bxe6 20. Rxe6 Kd7 21. Re3 Na6 22. Nf3 Raf8 23. Rhe1 Nc7 24. c4 R8f6 25. c3 b5 26. Kg3 h5 27. h3 bxc4 28. Ne5+ Kc8 29. Nxg6 h4+ 30. Nxh4 Nd5 31. Re6 Nxc3 32. Rxc6+ Rxc6 33. Kxf4 Nxa2 34. Ra1 c3 35. Nf5 Ra6 36. Ne3 Kd7 37. h4 Ke6 38. h5 Kf7 39. d5 Nb4 40. Rxa6 Nxa6 41. Ke5 Nc5 42. Kd4 Nd7 43. Kxc3 Nf6 44. Kc4 Nxh5 45. Kb5 Nf6 46. d6 a5 1/2-1/2

[Event "BL2-W9697"]
[Site "Germany"]
[Date "1996.??.??"]
[Round "?"]
[White "Grabarczyk, Bogdan"]
[Black "Haba, Petr"]
[Result "0-1"]
[WhiteElo "2440"]
[BlackElo "2485"]
[PlyCount "76"]
[EventDate "1996.10.??"]
[Source "www.chesslib.no"]
[SourceDate "2004.05.04"]

1. e4 e5 2. f4 exf4 3. Bc4 d5 4. exd5 Qh4+ 5. Kf1 Bd6 6. Nf3 Qh5 7. Bb3 Ne7 8. c4 b5 9. d3 O-O 10. Nc3 bxc4 11. dxc4 Ba6 12. Ne2 Nf5 13. Qd3 Re8 14. Nxf4 Ng3+ 15. Kg1 Bc5+ 16. Nd4 Nxh1 17. Be3 Qe5 18. Nfe6 fxe6 19. Kxh1 exd5 20. Bg1 Nd7 21. Bc2 Qh5 22. Ba4 dxc4 23. Qc2 Bxd4 24. Bxd4 Bb5 25. Rc1 Nb6 26. Bxb5 Qxb5 27. Qf2 Qg5 28. Rg1 Rad8 29. Bc3 Nd5 30. Qc5 Qf4 31. Ba5 a6 32. Qc6 Re2 33. Qxa6 Nf6 34. Be1 Ng4 35. Bg3 Nf2+ 36. Bxf2 Rxf2 37. Qb7 h6 38. a4 Rf1 0-1

[Event "Julian Borowski 4th-B"]
[Site "Essen"]
[Date "2002.05.17"]
[Round "2"]
[White "Fleck, Juergen"]
[Black "Appel, Ralf"]
[Result "1/2-1/2"]
[WhiteElo "2408"]
[BlackElo "2512"]
[PlyCount "98"]
[EventDate "2002.05.16"]
[Source "ChessBase"]
[SourceDate "2002.09.20"]

1. e4 e5 2. f4 exf4 3. Bc4 d5 4. Bxd5 Nf6 5. Nc3 Nxd5 6. Nxd5 g5 7. Qh5 h6 8. h4 Rg8 9. hxg5 hxg5 10. d4 c6 11. Nc3 Qxd4 12. Bd2 Nd7 13. O-O-O Qg7 14. g3 Ne5 15. gxf4 Bg4 16. Qxg5 Qxg5 17. fxg5 Bxd1 18. Nxd1 O-O-O 19. Nf2 Bc5 20. Ngh3 Nf3 21. Bf4 Bxf2 22. Nxf2 Nxg5 23. Rf1 b6 24. Bxg5 Rxg5 25. Nd3 Rd7 26. b3 Re7 27. e5 Kc7 28. Rf6 Rg6 29. Rf5 Rh6 30. Kb2 Rh4 31. Kc3 Re4 32. Rf6 Kb7 33. Rd6 Re2 34. a4 Rc7 35. Rf6 Re4 36. a5 c5 37. axb6 axb6 38. Rf2 Ka6 39. Rf6 Kb5 40. Kb2 c4 41. bxc4+ Rexc4 42. Rf2 Ka4 43. Kc1 Ka3 44. Ne1 Rd7 45. Rf6 Rg4 46. Rxb6 Rb4 47. Ra6+ Ra4 48. Rb6 Rb4 49. Ra6+ Ra4 1/2-1/2

[Event "Helsinki"]
[Site "?"]
[Date "1991.??.??"]
[Round "?"]
[White "Westerinen, H."]
[Black "Ernst, Th"]
[Result "0-1"]
[WhiteElo "2410"]
[BlackElo "2500"]
[PlyCount "76"]
[EventDate "1991.??.??"]
[Source "ChessBase"]
[SourceDate "1991.06.01"]

1. e4 e5 2. f4 exf4 3. Bc4 Nf6 4. Nc3 c6 5. d4 Bb4 6. e5 Ne4 7. Qh5 g6 8. Qf3 Qh4+ 9. g3 fxg3 10. Bxf7+ Ke7 11. hxg3 Qxg3+ 12. Qxg3 Nxg3 13. Rh3 Kxf7 14. Rxg3 d5 15. Bh6 Bf5 16. Nf3 Nd7 17. O-O-O Bf8 18. Ng5+ Kg8 19. Bxf8 Rxf8 20. e6 Nf6 21. Nf7 Rxf7 22. exf7+ Kxf7 23. Rf1 h5 24. Nd1 Ng4 25. Nc3 Kf6 26. Ne2 Re8 27. Kd2 Kg5 28. Ng1 Re4 29. Nf3+ Kh6 30. Re1 g5 31. Rxe4 dxe4 32. Ne5 Nxe5 33. dxe5 h4 34. Rg1 g4 35. Ke3 Kg5 36. Rd1 g3 37. Rd8 h3 38. Rg8+ Bg6 0-1

[Event "Malmo"]
[Site "Malmo"]
[Date "1988.??.??"]
[Round "?"]
[White "Westerinen, Heikki MJ"]
[Black "Wedberg, Tom"]
[Result "1/2-1/2"]
[WhiteElo "2395"]
[BlackElo "2510"]
[PlyCount "94"]
[EventDate "1988.12.??"]
[Source "ChessBase"]

1. e4 e5 2. f4 exf4 3. Bc4 Nf6 4. Nc3 c6 5. d4 Bb4 6. e5 Ne4 7. Kf1 Nxc3 8. bxc3 d5 9. exd6 Bxd6 10. Qh5 Qf6 11. Nf3 O-O 12. Rb1 Nd7 13. Ng5 Qg6 14. Qxg6 hxg6 15. Ne4 Bc7 16. Ba3 Nb6 17. Bd3 Rd8 18. h4 Bg4 19. c4 Rxd4 20. c5 Nc4 21. Rxb7 Nxa3 22. Rxc7 Bf5 23. Nd6 Nxc2 24. Bxc2 Bxc2 25. Kf2 Ra4 26. Rxc6 Rxa2 27. Kf3 a5 28. Kxf4 a4 29. Rb6 a3 30. c6 Rb2 31. Rxb2 axb2 32. c7 b1=Q 33. Rxb1 Bxb1 34. c8=Q+ Rxc8 35. Nxc8 Kf8 36. g3 Ke8 37. Nd6+ Ke7 38. Nc4 Ke6 39. Nd2 Ba2 40. Ne4 Bc4 41. Nd2 Kd5 42. Ne4 Bd3 43. Nf2 Bb1 44. Nh3 f6 45. g4 Bc2 46. g5 Kd4 47. Nf2 Kd5 1/2-1/2

[Event "Moskva II"]
[Site "Moskva II"]
[Date "1989.??.??"]
[Round "?"]
[White "Westerinen, Heikki M J"]
[Black "Kuzmin, Gennadi P"]
[Result "1/2-1/2"]
[WhiteElo "2400"]
[BlackElo "2505"]
[PlyCount "36"]
[EventDate "1989.??.??"]
[Source "www.chesslib.no"]
[SourceDate "2004.05.04"]

1. e4 e5 2. f4 exf4 3. Bc4 Nf6 4. Nc3 c6 5. d4 Bb4 6. e5 Ne4 7. Kf1 Nxc3 8. bxc3 Bxc3 9. Ba3 b5 10. Bd6 bxc4 11. Qg4 g6 12. Qh3 Bxa1 13. Qh6 Qb6 14. Ne2 Bxd4 15. Nxd4 Qxd4 16. Qg7 Qd1+ 17. Kf2 Qxc2+ 18. Kf1 Qb1+ 1/2-1/2

[Event "Gausdal Int"]
[Site "Gausdal NOR"]
[Date "1993.??.??"]
[Round "6"]
[White "Maus, Soenke"]
[Black "Gausel, Einar"]
[Result "0-1"]
[WhiteElo "2415"]
[BlackElo "2485"]
[PlyCount "60"]
[EventDate "1993.08.??"]
[Source "www.chesslib.no"]
[SourceDate "2004.05.04"]

1. e4 e5 2. f4 exf4 3. Bc4 Nf6 4. Nc3 c6 5. Bb3 d5 6. exd5 cxd5 7. d4 Bd6 8. Nf3 O-O 9. O-O Be6 10. Ne5 Nc6 11. Nxc6 bxc6 12. Bxf4 Be7 13. Qd3 Qd7 14. Bg5 Bg4 15. Rae1 Bh5 16. Ba4 Rfe8 17. Qf5 Qb7 18. Bxf6 Bg6 19. Qe5 gxf6 20. Qg3 Qb6 21. Kh1 Rac8 22. h4 h5 23. Ne2 Qxb2 24. Nf4 Bd6 25. Rxe8+ Rxe8 26. Bxc6 Bxf4 27. Rxf4 Qa1+ 28. Kh2 Re1 29. Qf2 Rh1+ 30. Kg3 Qc3+ 0-1

[Event "Netanya"]
[Site "Netanya ISR"]
[Date "1971.??.??"]
[Round "10"]
[White "Zuckerman, Bernard"]
[Black "Kraidman, Yair"]
[Result "1/2-1/2"]
[WhiteElo "2460"]
[BlackElo "2440"]
[PlyCount "31"]
[EventDate "1971.06.??"]
[Source "www.chesslib.no"]
[SourceDate "2004.05.04"]

1. e4 e5 2. f4 exf4 3. Bc4 Nf6 4. Nc3 g6 5. d4 Nh5 6. Nf3 Bg7 7. Nd5 c6 8. Nxf4 Nxf4 9. Bxf4 d5 10. exd5 cxd5 11. Bb3 O-O 12. O-O Nc6 13. Qd2 Na5 14. Bh6 Nxb3 15. axb3 Bf5 16. Bxg7 1/2-1/2